[Event "2nd Dos Hermanas it"]
[Site "Dos Hermanas ESP"]
[Date "1990.??.??"]
[Round "1"]
[White "Bass, Leonid"]
[Black "Montecatine Rios, Ricardo"]
[Result "1-0"]
[WhiteElo "2485"]
[BlackElo "2300"]
[EventDate "1990.??.??"]
[PlyCount "49"]

1.d4 d5 2.c4 c6 3.Nf3 Nf6 4.Nc3 a6 5.c5 g6 6.Bf4 Bg7 7.e3 O-O 8.Be2 Nfd7 
9.O-O e5 10.Nxe5 Nxe5 11.dxe5 Nd7 12.e4 dxe4 13.e6 fxe6 14.Bd6 Re8 15.Qc2 
Nf6 16.Rad1 Nd5 17.Nxe4 e5 18.Bc4 Be6 19.Qb3 Qd7 20.Ng5 Kh8 21.Nxe6 Rxe6 
22.Bxd5 cxd5 23.Qxd5 Qf7 24.Rfe1 Rae8 25.Re4 1-0

[Event "2nd Dos Hermanas it"]
[Site "Dos Hermanas ESP"]
[Date "1990.??.??"]
[Round "1"]
[White "Hebden, Mark"]
[Black "Jimenez Romero, Jose"]
[Result "1-0"]
[WhiteElo "2530"]
[BlackElo "2200"]
[EventDate "1990.??.??"]
[PlyCount "67"]

1.e4 d6 2.d4 Nf6 3.Nc3 g6 4.Nf3 Bg7 5.Be3 c6 6.Qd2 Qa5 7.h3 b5 8.Bd3 Nbd7 
9.O-O O-O 10.e5 b4 11.exf6 bxc3 12.bxc3 Nxf6 13.Rfe1 Bf5 14.c4 Qxd2 15.
Bxd2 Bxd3 16.cxd3 e6 17.Bf4 Rfd8 18.Rab1 Ne8 19.Rb7 Rdb8 20.Reb1 Rxb7 21.
Rxb7 f6 22.Be3 d5 23.Re7 dxc4 24.dxc4 Bf8 25.Rxe6 Rc8 26.Bf4 Kf7 27.Re3 
Nd6 28.c5 Nf5 29.Ra3 a5 30.Rxa5 Ke6 31.g4 Ne7 32.Ra7 Nd5 33.Bg3 h6 34.Nh4 
1-0

[Event "2nd Dos Hermanas it"]
[Site "Dos Hermanas ESP"]
[Date "1990.??.??"]
[Round "1"]
[White "Palacios de la Prida, Ernesto"]
[Black "Hidalgo Mateos, Juan Jose"]
[Result "1/2-1/2"]
[WhiteElo "2285"]
[BlackElo "2275"]
[EventDate "1990.??.??"]
[PlyCount "48"]

1.Nf3 Nf6 2.b3 d6 3.Bb2 e5 4.e3 Be7 5.d4 e4 6.Nfd2 O-O 7.c4 c6 8.Be2 d5 9.
O-O Bd6 10.Nc3 Re8 11.a3 Nbd7 12.b4 Nf8 13.Re1 Ng6 14.b5 Nh4 15.g3 Ng6 16.
a4 Qd7 17.Ba3 Bb8 18.bxc6 bxc6 19.cxd5 cxd5 20.f4 exf3 21.Bxf3 Nh4 22.gxh4
Qc7 23.Qe2 Qxc3 24.Rec1 Qa5 1/2-1/2

[Event "2nd Dos Hermanas it"]
[Site "Dos Hermanas ESP"]
[Date "1990.??.??"]
[Round "1"]
[White "Popovic, Petar"]
[Black "Niehus, Eduard"]
[Result "1-0"]
[WhiteElo "2520"]
[BlackElo "2200"]
[EventDate "1990.??.??"]
[PlyCount "75"]

1.e4 g6 2.d4 Bg7 3.Nf3 d6 4.Bc4 c6 5.Bb3 Nf6 6.Nbd2 O-O 7.O-O Qc7 8.Re1 e5
9.c3 Nbd7 10.Nf1 h6 11.Ng3 b5 12.Nh4 Kh7 13.f4 Nb6 14.Nf3 Bg4 15.h3 Bxf3 
16.Qxf3 Nbd7 17.Be3 a5 18.Qf2 a4 19.Bc2 c5 20.Rac1 c4 21.a3 Rac8 22.Rcd1 
Qc6 23.Rd2 Rfe8 24.Red1 Bf8 25.Kh1 Be7 26.Rf1 Qc7 27.Qf3 Rf8 28.Qd1 Rcd8 
29.Rdf2 Kg7 30.Qd2 Rh8 31.Ne2 Nf8 32.Rf3 Ne6 33.Qe1 g5 34.fxe5 dxe5 35.Qf2
Nf4 36.dxe5 Qxe5 37.Bd4 Rxd4 38.cxd4 $138 1-0

[Event "2nd Dos Hermanas it"]
[Site "Dos Hermanas ESP"]
[Date "1990.??.??"]
[Round "1"]
[White "Veingold, Aleksander"]
[Black "Eslon, Jaan"]
[Result "1/2-1/2"]
[WhiteElo "2435"]
[BlackElo "2360"]
[EventDate "1990.??.??"]
[PlyCount "30"]

1.Nf3 Nf6 2.g3 b6 3.d4 Bb7 4.c4 e6 5.Bg2 Be7 6.O-O O-O 7.Nc3 Ne4 8.Nxe4 
Bxe4 9.Ne1 Bxg2 10.Nxg2 d5 11.Qa4 Qe8 12.Qxe8 Rxe8 13.cxd5 exd5 14.Rd1 Bd6
15.Kf1 Nd7 1/2-1/2

[Event "2nd Dos Hermanas it"]
[Site "Dos Hermanas ESP"]
[Date "1990.??.??"]
[Round "2"]
[White "Eslon, Jaan"]
[Black "Bass, Leonid"]
[Result "1/2-1/2"]
[WhiteElo "2360"]
[BlackElo "2485"]
[EventDate "1990.??.??"]
[PlyCount "46"]

1.e4 c6 2.d4 d5 3.Nd2 dxe4 4.Nxe4 Bf5 5.Ng3 Bg6 6.h4 h6 7.Nf3 Nd7 8.h5 Bh7
9.Bd3 Bxd3 10.Qxd3 e6 11.Bd2 Ngf6 12.O-O-O Qc7 13.Ne4 O-O-O 14.g3 Be7 15.
Kb1 Rhe8 16.Bf4 Qa5 17.Nxf6 Bxf6 18.c3 Nb6 19.Be5 Bxe5 20.Nxe5 f6 21.Ng6 
c5 22.Qe4 cxd4 23.Rxd4 Rxd4 1/2-1/2

[Event "2nd Dos Hermanas it"]
[Site "Dos Hermanas ESP"]
[Date "1990.??.??"]
[Round "2"]
[White "Hidalgo Mateos, Juan Jose"]
[Black "Jimenez Romero, Jose"]
[Result "1/2-1/2"]
[WhiteElo "2275"]
[BlackElo "2200"]
[EventDate "1990.??.??"]
[PlyCount "37"]

1.d4 Nf6 2.Nf3 d6 3.c4 Nbd7 4.Nc3 e5 5.e4 Be7 6.Be2 O-O 7.O-O c6 8.Qc2 Qc7
9.Rd1 Re8 10.Rb1 a6 11.b4 b5 12.cxb5 cxb5 13.Qb3 Nb6 14.h3 Be6 15.d5 Bd7 
16.Be3 Rec8 17.Bd2 Nc4 18.Be1 Qb6 19.Nd2 1/2-1/2

[Event "2nd Dos Hermanas it"]
[Site "Dos Hermanas ESP"]
[Date "1990.??.??"]
[Round "2"]
[White "Montecatine Rios, Ricardo"]
[Black "Popovic, Petar"]
[Result "1/2-1/2"]
[WhiteElo "2300"]
[BlackElo "2520"]
[EventDate "1990.??.??"]
[PlyCount "28"]

1.d4 Nf6 2.c4 g6 3.Nc3 d5 4.Bf4 Bg7 5.e3 c5 6.dxc5 Qa5 7.Qa4+ Qxa4 8.Nxa4 
O-O 9.Nf3 Bd7 10.Nc3 dxc4 11.Bxc4 Rc8 12.O-O Rxc5 13.Bb3 Nh5 14.Ne4 Rc8 
1/2-1/2

[Event "2nd Dos Hermanas it"]
[Site "Dos Hermanas ESP"]
[Date "1990.??.??"]
[Round "2"]
[White "Niehus, Eduard"]
[Black "Hebden, Mark"]
[Result "0-1"]
[WhiteElo "2200"]
[BlackElo "2530"]
[EventDate "1990.??.??"]
[PlyCount "80"]

1.d4 Nf6 2.c4 g6 3.Nc3 Bg7 4.e4 d6 5.f3 O-O 6.Be3 c5 7.d5 e6 8.Qd2 exd5 9.
cxd5 a6 10.a4 Re8 11.Nge2 Nbd7 12.Ng3 h5 13.Bd3 h4 14.Nge2 h3 15.Ng3 Ne5 
16.O-O hxg2 17.Kxg2 Bd7 18.Nd1 b5 19.a5 b4 20.Be2 Bb5 21.Nf2 Rb8 22.f4 Nc4
23.Bxc4 Bxc4 24.Rfc1 Bb5 25.Rd1 Rb7 26.f5 Nh7 27.h4 Be5 28.Bg5 f6 29.Bf4 
Rg7 30.Ng4 gxf5 31.Nh6+ Kh8 32.Nxf5 Rg4 33.Bxe5 fxe5 34.Qh6 Reg8 35.Qe3 
Bd7 36.Kf2 Bxf5 37.Nxf5 Rf4+ 38.Ke2 Rg2+ 39.Kd3 c4+ 40.Kxc4 Qc8+ 0-1

[Event "2nd Dos Hermanas it"]
[Site "Dos Hermanas ESP"]
[Date "1990.??.??"]
[Round "2"]
[White "Palacios de la Prida, Ernesto"]
[Black "Veingold, Aleksander"]
[Result "0-1"]
[WhiteElo "2285"]
[BlackElo "2435"]
[EventDate "1990.??.??"]
[PlyCount "66"]

1.e3 d5 2.Nf3 Nf6 3.b3 e6 4.Bb2 b6 5.Ne5 Bb7 6.Bb5+ c6 7.Be2 Nbd7 8.f4 
Nxe5 9.fxe5 Nd7 10.O-O Be7 11.Bg4 O-O 12.Qf3 Qc7 13.Qg3 c5 14.Na3 Qc6 15.
Qh3 b5 16.Rae1 b4 17.Nb1 a5 18.Rf3 d4 19.Rg3 Nxe5 20.exd4 Ng6 21.Bf3 Qd7 
22.Bxb7 Qxb7 23.dxc5 Bxc5+ 24.d4 Bb6 25.Nd2 Rfd8 26.Nf3 Rd5 27.Ng5 Nf8 28.
Qg4 f5 29.Qh5 f4 30.Rg4 h6 31.h4 hxg5 32.hxg5 Qf7 33.Qh2 Ng6 0-1

[Event "2nd Dos Hermanas it"]
[Site "Dos Hermanas ESP"]
[Date "1990.??.??"]
[Round "3"]
[White "Bass, Leonid"]
[Black "Palacios de la Prida, Ernesto"]
[Result "1-0"]
[WhiteElo "2485"]
[BlackElo "2285"]
[EventDate "1990.??.??"]
[PlyCount "75"]

1.d4 Nf6 2.c4 g6 3.Nc3 Bg7 4.e4 O-O 5.Nf3 c6 6.e5 Ne8 7.Be2 d6 8.Bf4 Bg4 
9.O-O Nd7 10.Re1 dxe5 11.Nxe5 Bxe2 12.Qxe2 Nb6 13.Rad1 Nc7 14.Bg3 Ne6 15.
c5 Nd5 16.Nxf7 Nxd4 17.Rxd4 Rxf7 18.Be5 Bf8 19.Nxd5 cxd5 20.b4 Qd7 21.h4 
a5 22.a3 axb4 23.axb4 Qa4 24.h5 Qa2 25.hxg6 hxg6 26.Rg4 Qxe2 27.Rxe2 Ra6 
28.b5 Re6 29.c6 bxc6 30.b6 Bg7 31.b7 Rf8 32.Bxg7 Rxe2 33.Bxf8 Rb2 34.Bxe7 
Rxb7 35.Bc5 Kf7 36.Rb4 Rc7 37.f3 Ke6 38.Kf2 1-0

[Event "2nd Dos Hermanas it"]
[Site "Dos Hermanas ESP"]
[Date "1990.??.??"]
[Round "3"]
[White "Hebden, Mark"]
[Black "Montecatine Rios, Ricardo"]
[Result "1-0"]
[WhiteElo "2530"]
[BlackElo "2300"]
[EventDate "1990.??.??"]
[PlyCount "67"]

1.e4 e5 2.Nf3 Nc6 3.c3 d5 4.Qa4 Bd7 5.exd5 Nd4 6.Qd1 Nxf3+ 7.Qxf3 Nf6 8.
Bc4 e4 9.Qe2 Bd6 10.d4 O-O 11.Bg5 h6 12.Bh4 g5 13.Bg3 Bf4 14.O-O Re8 15.
Na3 a6 16.Nc2 b5 17.Bb3 Bg4 18.Qe1 Nxd5 19.a4 c6 20.axb5 axb5 21.Rxa8 Qxa8
22.Bxd5 cxd5 23.Ne3 Bd7 24.Qe2 Bxe3 25.fxe3 Re6 26.Qg4 Rd6 27.Qh5 Rg6 28.
Be5 Qa6 29.h3 g4 30.hxg4 Bxg4 31.Qh4 Qc8 32.Rf6 h5 33.Rxg6+ fxg6 34.Qf6 
1-0

[Event "2nd Dos Hermanas it"]
[Site "Dos Hermanas ESP"]
[Date "1990.??.??"]
[Round "3"]
[White "Jimenez Romero, Jose"]
[Black "Niehus, Eduard"]
[Result "0-1"]
[WhiteElo "2200"]
[BlackElo "2200"]
[EventDate "1990.??.??"]
[PlyCount "52"]

1.b3 e5 2.Bb2 Nc6 3.e3 Nf6 4.Bb5 d6 5.d3 Bd7 6.Nf3 a6 7.Bxc6 bxc6 8.c4 c5 
9.Nc3 Be7 10.O-O Bg4 11.h3 Bh5 12.g4 Bg6 13.e4 h5 14.g5 Nh7 15.h4 f6 16.
gxf6 Bxf6 17.Nd5 O-O 18.Bc1 Bxh4 19.Kg2 Bf6 20.Rg1 c6 21.Kh2 Be8 22.Nc3 
Bd7 23.Be3 Bg4 24.Nb1 Ng5 25.Nbd2 Nxf3+ 26.Nxf3 Bh4 0-1

[Event "2nd Dos Hermanas it"]
[Site "Dos Hermanas ESP"]
[Date "1990.??.??"]
[Round "3"]
[White "Popovic, Petar"]
[Black "Eslon, Jaan"]
[Result "1-0"]
[WhiteElo "2520"]
[BlackElo "2360"]
[EventDate "1990.??.??"]
[PlyCount "159"]

1.e4 e5 2.Nf3 Nc6 3.Bb5 a6 4.Ba4 d6 5.c3 Bd7 6.d4 Nge7 7.Bb3 h6 8.Be3 Ng6 
9.Nbd2 Be7 10.g3 O-O 11.a3 exd4 12.cxd4 Na5 13.Ba2 c5 14.O-O cxd4 15.Nxd4 
Ne5 16.Bd5 Nac6 17.Nf5 Bxf5 18.exf5 Nd7 19.Rc1 Rc8 20.Nc4 b5 21.Nxd6 Bxd6 
22.Rxc6 Rxc6 23.Bxc6 Ne5 24.Bd5 Qf6 25.Qc2 Ng4 26.Bd2 Rd8 27.Bg2 Qd4 28.
Bc3 Qb6 29.Qe2 Nf6 30.Rd1 Re8 31.Qd2 Bc5 32.b4 Bf8 33.Bd4 Qb8 34.Qb2 Rd8 
35.Rc1 Ne8 36.Be5 Bd6 37.Bc3 Bf8 38.Qe2 Qd6 39.h3 Qd7 40.Qg4 Be7 41.Re1 
Kf8 42.Qe4 Bf6 43.Bxf6 Nxf6 44.Qb7 Qxb7 45.Bxb7 Rd6 46.Re3 Rb6 47.Bf3 Ne8 
48.g4 Nd6 49.Rc3 Ke7 50.Bd5 Kd7 51.Rd3 Ke7 52.Rc3 Kd7 53.Rc5 a5 54.bxa5 
Ra6 55.Bb3 Rxa5 56.a4 Ke7 57.Bc2 Kd8 58.Kg2 f6 59.Kf3 Nc4 60.Rxb5 Rxb5 61.
axb5 Kc7 62.Bd3 Nb6 63.Ke4 Kd6 64.Kd4 Nd7 65.f4 Nb6 66.Be4 Nd7 67.h4 Nb6 
68.g5 Nd7 69.Bc6 Nb6 70.Bf3 Nc8 71.Be4 Nb6 72.Ke3 Kc5 73.Bc6 Nc4+ 74.Kf3 
Kd4 75.gxh6 gxh6 76.Kg4 Ke3 77.Bd5 Nb6 78.Be6 Na4 79.Kh5 Kxf4 80.Kxh6 1-0

[Event "2nd Dos Hermanas it"]
[Site "Dos Hermanas ESP"]
[Date "1990.??.??"]
[Round "3"]
[White "Veingold, Aleksander"]
[Black "Hidalgo Mateos, Juan Jose"]
[Result "1-0"]
[WhiteElo "2435"]
[BlackElo "2275"]
[EventDate "1990.??.??"]
[PlyCount "83"]

1.d4 Nf6 2.Nf3 d6 3.c4 Nbd7 4.Nc3 e5 5.e4 Be7 6.Be2 O-O 7.O-O Re8 8.Re1 c6
9.Rb1 a6 10.b4 Bf8 11.d5 c5 12.a3 g6 13.Nd2 Bg7 14.Nb3 b6 15.Be3 h6 16.Qc2
Nh5 17.bxc5 bxc5 18.g3 Ndf6 19.f3 Nh7 20.Qd2 Ng5 21.Bxg5 hxg5 22.Nd1 Bd7 
23.Na5 Bf6 24.Nf2 Be7 25.Rb7 Qc8 26.Reb1 Bd8 27.R7b2 Kg7 28.Nb7 Be7 29.Qa5
Nf6 30.g4 Rh8 31.Kg2 Ne8 32.h3 f5 33.Rb6 Ra7 34.Bd1 Qc7 35.Qd2 Nf6 36.Na5 
Bd8 37.Nc6 Ra8 38.Rb7 Qc8 39.exf5 gxf5 40.Qxg5+ Kf7 41.Nxd8+ Qxd8 42.Qxf5 
1-0

[Event "2nd Dos Hermanas it"]
[Site "Dos Hermanas ESP"]
[Date "1990.??.??"]
[Round "4"]
[White "Eslon, Jaan"]
[Black "Hebden, Mark"]
[Result "0-1"]
[WhiteElo "2360"]
[BlackElo "2530"]
[EventDate "1990.??.??"]
[PlyCount "114"]

1.d4 Nf6 2.Nf3 g6 3.Bg5 Bg7 4.Nbd2 O-O 5.c3 d6 6.e4 c5 7.dxc5 dxc5 8.Be2 
Qc7 9.O-O Nc6 10.Qc2 Nh5 11.Rfe1 Nf4 12.Bf1 b6 13.Nc4 Bg4 14.Nfd2 Rad8 15.
Ne3 Qe5 16.Bxf4 Qxf4 17.g3 Qh6 18.Nxg4 Qxd2 19.Qa4 Qd7 20.Ne3 Ne5 21.Qxd7 
Nf3+ 22.Kh1 Rxd7 23.Red1 Rfd8 24.Rxd7 Rxd7 25.Rd1 Rxd1 26.Nxd1 Bh6 27.Be2 
Nd2 28.f3 c4 29.Kg2 b5 30.Kf2 a5 31.Ne3 a4 32.Nc2 Nb1 33.f4 e5 34.a3 exf4 
35.Nd4 fxg3+ 36.hxg3 Nd2 37.Nxb5 Nxe4+ 38.Kg2 Bc1 39.Bxc4 Bxb2 40.Bd3 Nc5 
41.Bc2 f5 42.Kf3 Bc1 43.c4 Bb2 44.g4 fxg4+ 45.Kxg4 Kg7 46.Kf3 Be5 47.Na7 
Kf6 48.Nc8 Bc7 49.Na7 h5 50.Nc6 g5 51.Nb4 g4+ 52.Kg2 Kg5 53.Nd5 Ba5 54.Nb4
Bxb4 55.axb4 a3 56.Bb1 Nd3 57.b5 Nc5 0-1

[Event "2nd Dos Hermanas it"]
[Site "Dos Hermanas ESP"]
[Date "1990.??.??"]
[Round "4"]
[White "Hidalgo Mateos, Juan Jose"]
[Black "Niehus, Eduard"]
[Result "0-1"]
[WhiteElo "2275"]
[BlackElo "2200"]
[EventDate "1990.??.??"]
[PlyCount "80"]

1.e4 b6 2.d4 Bb7 3.Bd3 Nf6 4.Nd2 Nc6 5.c3 e5 6.d5 Ne7 7.Ngf3 Ng6 8.Nc4 d6 
9.Ne3 Nd7 10.g3 a6 11.b4 Be7 12.Qe2 h5 13.h4 Bf6 14.Nf5 Ne7 15.Nxe7 Qxe7 
16.Be3 Bxd5 17.Ng5 Bb7 18.Bc4 Bxg5 19.Bxg5 f6 20.Bd2 f5 21.f3 Rf8 22.Bg5 
Nf6 23.O-O-O fxe4 24.fxe4 Rh8 25.Rdf1 a5 26.Rf2 axb4 27.cxb4 O-O-O 28.Bd5 
c6 29.Bb3 d5 30.Rhf1 Rd6 31.exd5 cxd5 32.Qb5 Kb8 33.Rd1 Rc8+ 34.Kb2 Qe8 
35.Qxe8 Rxe8 36.Bc2 d4 37.Bg6 Rh8 38.Re2 Bf3 39.Rde1 Bxe2 40.Rxe2 Ng4 0-1

[Event "2nd Dos Hermanas it"]
[Site "Dos Hermanas ESP"]
[Date "1990.??.??"]
[Round "4"]
[White "Montecatine Rios, Ricardo"]
[Black "Jimenez Romero, Jose"]
[Result "1-0"]
[WhiteElo "2300"]
[BlackElo "2200"]
[EventDate "1990.??.??"]
[PlyCount "125"]

1.e4 c5 2.Nf3 e6 3.d4 cxd4 4.Nxd4 a6 5.g3 Qc7 6.Bg2 Nc6 7.O-O Nf6 8.c4 Be7
9.Nc3 O-O 10.Be3 Nxd4 11.Bxd4 e5 12.Be3 Qxc4 13.Rc1 Qb4 14.f4 Bc5 15.Bxc5 
Qxc5+ 16.Kh1 Qe7 17.fxe5 Qxe5 18.Rf5 Qe7 19.e5 Ne8 20.Nd5 Qd8 21.Rf2 d6 
22.Rd2 Rb8 23.Nf4 d5 24.Nxd5 Qg5 25.Qe1 Kh8 26.h4 Qh6 27.Qe3 Qxe3 28.Nxe3 
Be6 29.a3 f6 30.exf6 Rxf6 31.Rcd1 Bb3 32.Rd8 Rxd8 33.Rxd8 Re6 34.Nd5 Kg8 
35.Nc7 Re1+ 36.Kh2 Kf7 37.Rxe8 Rxe8 38.Nxe8 Kxe8 39.Bxb7 a5 40.Kg2 Ke7 41.
Kf3 h6 42.Ke4 Ke6 43.Kd4 Kd6 44.Be4 Be6 45.b4 axb4 46.axb4 Bd7 47.Bd3 Bc6 
48.b5 Bf3 49.Be4 Be2 50.b6 Bg4 51.b7 Kc7 52.Ke5 Bd7 53.Kf4 Be6 54.g4 Bd7 
55.Bg2 Kb8 56.Bf3 Kc7 57.Ke5 Bxg4 58.Bxg4 Kxb7 59.Kf5 Kc7 60.Kg6 Kd8 61.
Kxg7 Ke7 62.Kxh6 Kf7 63.Be6+ 1-0

[Event "2nd Dos Hermanas it"]
[Site "Dos Hermanas ESP"]
[Date "1990.??.??"]
[Round "4"]
[White "Palacios de la Prida, Ernesto"]
[Black "Popovic, Petar"]
[Result "1/2-1/2"]
[WhiteElo "2285"]
[BlackElo "2520"]
[EventDate "1990.??.??"]
[PlyCount "77"]

1.Nf3 Nf6 2.b3 g6 3.Bb2 Bg7 4.c4 O-O 5.g3 d6 6.Bg2 e5 7.O-O Nbd7 8.Nc3 c6 
9.e4 a6 10.d4 b5 11.c5 dxc5 12.dxe5 Ng4 13.e6 fxe6 14.Qd6 Nde5 15.Qxd8 
Rxd8 16.Rad1 Bd7 17.Ne1 g5 18.h3 Nh6 19.Nd3 Nxd3 20.Rxd3 Be8 21.Rfd1 Rd4 
22.Bc1 Nf7 23.Ne2 Rxd3 24.Rxd3 h6 25.f4 e5 26.f5 Bf8 27.Be3 Nd8 28.Nc1 Bf7
29.Rd7 Be8 30.Rd2 Nb7 31.Nd3 Bd6 32.Rc2 Kf7 33.Nxc5 Nxc5 34.Bxc5 Bxc5+ 35.
Rxc5 Kf6 36.Kf2 Rd8 37.Ke2 Rd4 38.Bf3 a5 39.a3 1/2-1/2

[Event "2nd Dos Hermanas it"]
[Site "Dos Hermanas ESP"]
[Date "1990.??.??"]
[Round "4"]
[White "Veingold, Aleksander"]
[Black "Bass, Leonid"]
[Result "1/2-1/2"]
[WhiteElo "2435"]
[BlackElo "2485"]
[EventDate "1990.??.??"]
[PlyCount "29"]

1.d4 Nf6 2.Nf3 g6 3.c4 Bg7 4.g3 O-O 5.Bg2 d6 6.O-O Nc6 7.Nc3 a6 8.d5 Na5 
9.Nd2 c5 10.Qc2 Rb8 11.b3 b5 12.Bb2 e5 13.dxe6 Bxe6 14.cxb5 axb5 15.Rad1 
1/2-1/2

[Event "2nd Dos Hermanas it"]
[Site "Dos Hermanas ESP"]
[Date "1990.??.??"]
[Round "5"]
[White "Bass, Leonid"]
[Black "Hidalgo Mateos, Juan Jose"]
[Result "1-0"]
[WhiteElo "2485"]
[BlackElo "2275"]
[EventDate "1990.??.??"]
[PlyCount "83"]

1.d4 g6 2.c4 Bg7 3.e4 d6 4.Nc3 Nf6 5.Nf3 O-O 6.Be2 Nbd7 7.O-O e5 8.Re1 Re8
9.d5 Nc5 10.Qc2 a5 11.Bg5 h6 12.Bh4 g5 13.Bg3 Nh5 14.Nd2 Nf4 15.Nf1 Rf8 
16.Ne3 f5 17.exf5 Qf6 18.Bf3 Bxf5 19.Nxf5 Qxf5 20.Be4 Nxe4 21.Qxe4 Nd3 22.
Re2 Nc5 23.Qxf5 Rxf5 24.f3 Rf7 25.Bf2 Nd7 26.Rc1 b6 27.b3 Rff8 28.a3 Bf6 
29.h3 Be7 30.Nb5 Bd8 31.Rec2 Nf6 32.Ra2 Re8 33.Nc3 Kf7 34.Re1 Kg6 35.Nb5 
Kf7 36.Bxb6 cxb6 37.Nxd6+ Kg7 38.Nxe8+ Nxe8 39.Rxe5 Bf6 40.Re6 Bd4+ 41.Kf1
Bc5 42.b4 1-0

[Event "2nd Dos Hermanas it"]
[Site "Dos Hermanas ESP"]
[Date "1990.??.??"]
[Round "5"]
[White "Hebden, Mark"]
[Black "Palacios de la Prida, Ernesto"]
[Result "1-0"]
[WhiteElo "2530"]
[BlackElo "2285"]
[EventDate "1990.??.??"]
[PlyCount "45"]

1.e4 g6 2.d4 Bg7 3.Nc3 d5 4.exd5 Nf6 5.Bc4 O-O 6.Bg5 c6 7.dxc6 Nxc6 8.Nge2
h6 9.Bxf6 Bxf6 10.d5 Na5 11.Bd3 e6 12.d6 Qxd6 13.Ne4 Qd8 14.Nxf6+ Qxf6 15.
Qd2 Qxb2 16.O-O Nc6 17.Qxh6 Qg7 18.Qh4 Qh8 19.Qg3 Qe5 20.Nf4 Ne7 21.Rab1 
Rd8 22.Rb5 Nd5 23.Nxd5 1-0

[Event "2nd Dos Hermanas it"]
[Site "Dos Hermanas ESP"]
[Date "1990.??.??"]
[Round "5"]
[White "Jimenez Romero, Jose"]
[Black "Eslon, Jaan"]
[Result "0-1"]
[WhiteElo "2200"]
[BlackElo "2360"]
[EventDate "1990.??.??"]
[PlyCount "64"]

1.b3 e5 2.Bb2 Nc6 3.e3 d6 4.g3 g6 5.Bg2 Bg7 6.Ne2 Nf6 7.d3 O-O 8.O-O Bd7 
9.c4 Qc8 10.Nbc3 Bh3 11.Rc1 Bxg2 12.Kxg2 Qd7 13.d4 e4 14.Nf4 Rae8 15.h3 h5
16.Ba3 Ne7 17.Nb1 Bh6 18.Nd2 Bxf4 19.gxf4 Nf5 20.Kh2 Qe7 21.Rg1 Kh7 22.Rg5
Kh6 23.Bb2 d5 24.Qe2 c6 25.Rcg1 Nh7 26.R5g2 Qh4 27.Rh1 Rg8 28.Kg1 g5 29.
fxg5+ Rxg5 30.Rxg5 Qxg5+ 31.Kh2 Rg8 32.Qf1 Nxe3 0-1

[Event "2nd Dos Hermanas it"]
[Site "Dos Hermanas ESP"]
[Date "1990.??.??"]
[Round "5"]
[White "Niehus, Eduard"]
[Black "Montecatine Rios, Ricardo"]
[Result "0-1"]
[WhiteElo "2200"]
[BlackElo "2300"]
[EventDate "1990.??.??"]
[PlyCount "118"]

1.Nf3 Nf6 2.c4 c5 3.Nc3 d5 4.cxd5 Nxd5 5.e3 g6 6.Qb3 Nc7 7.Bc4 e6 8.d4 Nd7
9.O-O Bg7 10.Ne4 Qe7 11.a4 O-O 12.a5 Rb8 13.dxc5 Nxc5 14.Qb4 b6 15.axb6 
axb6 16.Nc3 Bb7 17.Ra7 Bxf3 18.gxf3 Qh4 19.f4 Nd5 20.Bxd5 exd5 21.f3 d4 
22.Na4 Nd3 23.Qd2 Nxc1 24.Qxc1 dxe3 25.Qxe3 Bh6 26.Qf2 Qxf2+ 27.Rxf2 Bxf4 
28.Re2 Rfe8 29.Rae7 Kf8 30.R7e4 f5 31.Rxe8+ Rxe8 32.Rxe8+ Kxe8 33.Kg2 Be3 
34.Nc3 Bd4 35.Nd5 Kd7 36.b3 Kd6 37.Nf4 Bc5 38.h4 Ke5 39.Ne2 h5 40.Kg3 Be3 
41.f4+ Ke4 42.Nc3+ Kd4 43.Nb5+ Kc5 44.Na3 Kd5 45.Kf3 Bd4 46.Nc4 b5 47.Na3 
Kc5 48.Nc2 Bf6 49.Kg3 Be7 50.Kh3 Kd5 51.Kg3 Ke4 52.b4 Bd6 53.Na3 Bxf4+ 54.
Kh3 Bd2 55.Nxb5 Bxb4 56.Nc7 f4 57.Ne8 Be7 58.Nc7 f3 59.Nb5 Bxh4 0-1

[Event "2nd Dos Hermanas it"]
[Site "Dos Hermanas ESP"]
[Date "1990.??.??"]
[Round "5"]
[White "Popovic, Petar"]
[Black "Veingold, Aleksander"]
[Result "1/2-1/2"]
[WhiteElo "2520"]
[BlackElo "2435"]
[EventDate "1990.??.??"]
[PlyCount "34"]

1.e4 c5 2.Nf3 e6 3.d4 cxd4 4.Nxd4 Nf6 5.Nc3 d6 6.g4 h6 7.h4 Nc6 8.Rg1 h5 
9.gxh5 Nxh5 10.Bg5 Nf6 11.Qd2 Qb6 12.Nb3 Bd7 13.Be2 a6 14.h5 Nxh5 15.Rh1 
g6 16.Bxh5 Rxh5 17.Rxh5 gxh5 1/2-1/2

[Event "2nd Dos Hermanas it"]
[Site "Dos Hermanas ESP"]
[Date "1990.??.??"]
[Round "6"]
[White "Bass, Leonid"]
[Black "Popovic, Petar"]
[Result "1/2-1/2"]
[WhiteElo "2485"]
[BlackElo "2520"]
[EventDate "1990.??.??"]
[PlyCount "28"]

1.d4 Nf6 2.c4 g6 3.Nc3 d5 4.Nf3 Bg7 5.Qb3 dxc4 6.Qxc4 O-O 7.e4 Na6 8.Be2 
c5 9.d5 e6 10.O-O exd5 11.exd5 Bf5 12.Rd1 Bc2 13.Rd2 Bf5 14.Rd1 Bc2 
1/2-1/2

[Event "2nd Dos Hermanas it"]
[Site "Dos Hermanas ESP"]
[Date "1990.??.??"]
[Round "6"]
[White "Eslon, Jaan"]
[Black "Niehus, Eduard"]
[Result "1-0"]
[WhiteElo "2360"]
[BlackElo "2200"]
[EventDate "1990.??.??"]
[PlyCount "41"]

1.e4 e5 2.Nf3 Nc6 3.Bb5 Bc5 4.c3 Nf6 5.d4 Bb6 6.O-O Qe7 7.Bg5 h6 8.Bxf6 
gxf6 9.d5 Nd8 10.Nh4 Bc5 11.Nf5 Qf8 12.b4 Be7 13.Na3 Qg8 14.d6 Bf8 15.dxc7
Ne6 16.Nc4 Nxc7 17.Ncd6+ Kd8 18.Nxb7+ Ke8 19.Nbd6+ Kd8 20.Bc6 Bxd6 21.Qxd6
1-0

[Event "2nd Dos Hermanas it"]
[Site "Dos Hermanas ESP"]
[Date "1990.??.??"]
[Round "6"]
[White "Hidalgo Mateos, Juan Jose"]
[Black "Montecatine Rios, Ricardo"]
[Result "0-1"]
[WhiteElo "2275"]
[BlackElo "2300"]
[EventDate "1990.??.??"]
[PlyCount "68"]

1.e4 c5 2.Nc3 Nc6 3.Nge2 e5 4.g3 g6 5.Bg2 Bg7 6.d3 Nge7 7.Be3 d6 8.Qd2 O-O
9.O-O-O Nd4 10.f4 Be6 11.Kb1 Qd7 12.h3 f5 13.Nd5 Rae8 14.c3 Nxe2 15.Qxe2 
fxe4 16.Nxe7+ Qxe7 17.dxe4 exf4 18.gxf4 d5 19.e5 Rd8 20.h4 d4 21.cxd4 cxd4
22.Rxd4 Rxd4 23.Bxd4 Rxf4 24.Bc3 Qf7 25.Rf1 Bxa2+ 26.Ka1 Rxf1+ 27.Bxf1 Be6
28.Bg2 Qd7 29.Kb1 Bf5+ 30.Kc1 Bh6+ 31.Bd2 Qc8+ 32.Kd1 Bg4 33.Bf3 Bxf3 34.
Qxf3 Qd7 0-1

[Event "2nd Dos Hermanas it"]
[Site "Dos Hermanas ESP"]
[Date "1990.??.??"]
[Round "6"]
[White "Palacios de la Prida, Ernesto"]
[Black "Jimenez Romero, Jose"]
[Result "0-1"]
[WhiteElo "2285"]
[BlackElo "2200"]
[EventDate "1990.??.??"]
[PlyCount "67"]

1.d4 Nf6 2.Nf3 d6 3.Nc3 g6 4.e4 Bg7 5.Be2 O-O 6.O-O c6 7.a4 Qc7 8.h3 e5 9.
Be3 Nbd7 10.a5 Re8 11.d5 a6 12.Nd2 cxd5 13.exd5 b5 14.axb6 Nxb6 15.Nb3 Bb7
16.Bxb6 Qxb6 17.Na5 Reb8 18.Nxb7 Qxb7 19.Ra2 Qc8 20.Qd3 Rb4 21.Rfa1 h5 22.
Rxa6 Rxa6 23.Rxa6 e4 24.Qd2 Ne8 25.Nd1 Rd4 26.Qa5 Qxc2 27.Nc3 Qc1+ 28.Bf1 
e3 29.Ne2 exf2+ 30.Kxf2 Qxb2 31.Kg1 Rd2 32.Rb6 Bd4+ 33.Nxd4 Qxd4+ 34.Kh1 
0-1

[Event "2nd Dos Hermanas it"]
[Site "Dos Hermanas ESP"]
[Date "1990.??.??"]
[Round "6"]
[White "Veingold, Aleksander"]
[Black "Hebden, Mark"]
[Result "1/2-1/2"]
[WhiteElo "2435"]
[BlackElo "2530"]
[EventDate "1990.??.??"]
[PlyCount "46"]

1.e4 e5 2.Nf3 Nc6 3.Bc4 Nf6 4.d4 exd4 5.e5 d5 6.Bb5 Ne4 7.Nxd4 Bc5 8.Be3 
Bd7 9.Bxc6 bxc6 10.Nd2 Qh4 11.O-O O-O 12.Nxe4 Qxe4 13.Re1 Qg6 14.Nb3 Bb6 
15.Nc5 Bf5 16.c3 f6 17.exf6 Rxf6 18.Kh1 Raf8 19.f3 h5 20.Qa4 R6f7 21.Qh4 
Bc8 22.b4 a5 23.a3 Rf5 1/2-1/2

[Event "2nd Dos Hermanas it"]
[Site "Dos Hermanas ESP"]
[Date "1990.??.??"]
[Round "7"]
[White "Hebden, Mark"]
[Black "Bass, Leonid"]
[Result "1/2-1/2"]
[WhiteElo "2530"]
[BlackElo "2485"]
[EventDate "1990.??.??"]
[PlyCount "43"]

1.e4 c6 2.d4 d5 3.exd5 cxd5 4.c4 Nf6 5.Nc3 g6 6.Qb3 Bg7 7.cxd5 Nbd7 8.Be2 
Nb6 9.Bf3 Bg4 10.Bxg4 Nxg4 11.Nf3 O-O 12.Bg5 Nf6 13.O-O Qd7 14.Ne5 Qd6 15.
Bxf6 Bxf6 16.Rad1 Rfd8 17.Rfe1 Nxd5 18.Ne4 Qb6 19.Qf3 Qxb2 20.Re2 Qb6 21.
h4 Rac8 22.h5 1/2-1/2

[Event "2nd Dos Hermanas it"]
[Site "Dos Hermanas ESP"]
[Date "1990.??.??"]
[Round "7"]
[White "Jimenez Romero, Jose"]
[Black "Veingold, Aleksander"]
[Result "0-1"]
[WhiteElo "2200"]
[BlackElo "2435"]
[EventDate "1990.??.??"]
[PlyCount "60"]

1.d4 Nf6 2.c4 e6 3.Nc3 Bb4 4.Qc2 O-O 5.a3 Bxc3+ 6.Qxc3 b6 7.Nf3 Bb7 8.g3 
d6 9.Bg2 Nbd7 10.O-O Qe7 11.b4 Be4 12.Nd2 Bxg2 13.Kxg2 c5 14.Bb2 cxd4 15.
Qxd4 e5 16.Qh4 Rac8 17.e4 Rfe8 18.Rac1 h6 19.g4 Nf8 20.Qg3 Ng6 21.Kh1 Nf4 
22.Rfe1 Qe6 23.h3 Rc7 24.Re3 Rec8 25.Rd1 a6 26.g5 hxg5 27.Qxg5 Nxh3 28.Qh4
Qg4 29.Qxg4 Nxf2+ 30.Kg2 N6xg4 0-1